De la Situation Légale des associations sans but lucratif en France & en Belgique / (Record no. 166986)

MARC details
000 -LEADER
campo de control de longitud fija 00828nam a22002295i 4500
001 - NÚMERO DE CONTROL
campo de control 166986
003 - IDENTIFICADOR DE NÚMERO DE CONTROL
campo de control ES-MaACL
005 - FECHA Y HORA DE LA ÚLTIMA TRANSACCIÓN
campo de control 20230906213434.0
008 - DATOS DE LONGITUD FIJA--INFORMACIÓN GENERAL
campo de control de longitud fija 991027s1884 be |||| | fre d
040 ## - FUENTE DE CATALOGACIÓN
Centro catalogador/agencia de origen CCPB | B
Lengua de catalogación spa
Centro/agencia transcriptor CCPB | B
100 1# - ENTRADA PRINCIPAL--NOMBRE DE PERSONA
Nombre de persona Van den Heuvel, J.
9 (RLIN) 133542
245 10 - MENCIÓN DEL TÍTULO
Título De la Situation Légale des associations sans but lucratif en France & en Belgique /
Mención de responsabilidad, etc. par J. van den Heuvel.
250 ## - MENCION DE EDICION
Mención de edición Deuxième édition.
260 ## - PUBLICACIÓN, DISTRIBUCIÓN, ETC.
Lugar de publicación, distribución, etc. Bruxelles :
Nombre del editor, distribuidor, etc. Ferdinand Larcier ;
Lugar de publicación, distribución, etc. Paris :
Nombre del editor, distribuidor, etc. G. Pedone-Lauriel,
Fecha de publicación, distribución, etc. 1884.
300 ## - DESCRIPCIÓN FÍSICA
Extensión [4], 358 p. ;
Dimensiones 22 cm.
650 #4 - PUNTO DE ACCESO ADICIONAL DE MATERIA--TÉRMINO DE MATERIA
Término de materia o nombre geográfico como elemento de entrada Asociaciones-
Subdivisión general Legislación-
Subdivisión geográfica Francia.
9 (RLIN) 224481
650 #4 - PUNTO DE ACCESO ADICIONAL DE MATERIA--TÉRMINO DE MATERIA
Término de materia o nombre geográfico como elemento de entrada Asociaciones-
Subdivisión general Legislación-
Subdivisión geográfica Bélgica.
9 (RLIN) 224483
752 ## - ENTRADA AGREGADA--NOMBRE JERÁRQUICO DEL LUGAR
País o entidad superior Bélgica -
Ciudad Bruselas
752 ## - ENTRADA AGREGADA--NOMBRE JERÁRQUICO DEL LUGAR
País o entidad superior Francia -
Ciudad París
852 ## - LOCALIZACIÓN
Ubicación ES-MaACL
Número de control de estantería G-10665
Nota libre -- Enc. hol.
Holdings
Estatus retirado Estado de pérdida Estado de daño No para préstamo Colección Biblioteca de origen Biblioteca actual Ubicación en estantería Fecha de adquisición Fuente de adquisición Total de préstamos Signatura topográfica completa Código de barras Visto por última vez Precio de reemplazo Tipo de ítem Koha
        Libros del s. XIX Biblioteca del Ateneo de Madrid Biblioteca del Ateneo de Madrid Sala Pecera Planta 3 17/01/2008     G-10665 1175164 23/02/2023 23/02/2023 Libro impreso antiguo